000 00318nam a22001337a 4500
020 _a81-8044-002-3
082 _a001
_bKUM/G
100 _aKUMAR
245 _aGENERAL KNOWLEDGE AT A GLANCE
260 _aDELHI
_bVEE KUMAR PUBLICATIONS PVT LTD
_c2007
300 _a192
650 _aGENERAL KNOWLEDGE
_zINDIA
942 _cBK
999 _c6513
_d6513